Survivor: Richard, Kelly, or Both? Quiz Stats

Quiz not verified by Sporcle

Also try: Survivor: Borneo
Challenge
Share
Tweet
Embed
Score 0/16 Timer 04:00
1 Play Today
Question Answer Wrong Answers
Has been on the same season as Jeff Varner Kelly
92.7%
Richard
0.8%
Both
4.1%
Appeared on 'The Celebrity Apprentice' Richard
89.4%
Kelly
4.9%
Both
3.3%
Has been a jury member Kelly
88.6%
Richard
2.4%
Both
5.7%
Greg Buis voted for them to win Richard
83.7%
Kelly
8.1%
Both
5.7%
Was referred to as a rat in Sue Hawk's Final Tribal Council Speech Kelly
82.9%
Richard
8.9%
Both
4.1%
Attended the first tribal council on their returning season Kelly
74.8%
Richard
9.8%
Both
11.4%
Appeared on 'The Weakest Link'; was voted off first (despite being the 'Strongest Link') Richard
71.5%
Kelly
18.7%
Both
7.3%
Has voted against Rudy Boesch Kelly
69.9%
Richard
4.1%
Both
22.8%
Played their returning season on the same season as exactly one 'Pearl Islands' returnee Both
67.5%
Richard
18.7%
Kelly
10.6%
Won an individual immunity challenge Both
61%
Richard
3.3%
Kelly
33.3%
Has received non-eliminating votes cast against them Both
57.7%
Richard
25.2%
Kelly
13%
Was voted against in a vote that resulted in a tie Richard
53.7%
Kelly
32.5%
Both
11.4%
Has lasted over 50 days total Both
48%
Richard
4.9%
Kelly
43.1%
Was 40 or older when they returned to Survivor Richard
31.7%
Kelly
9.8%
Both
55.3%
Said 'I didn't hope to go out this early. I know I was voted out because I'm a threat.' in their final words of their returning season Kelly
30.9%
Richard
64.2%
Both
3.3%
Voted incorrectly at their first ever Tribal Council Both
30.1%
Richard
31.7%
Kelly
35%

You're not logged in!

Compare scores with friends on all Sporcle quizzes.
Join for Free
OR
Log In

You Might Also Like...

Show Comments

Extras

Top Quizzes Today


Score Distribution

Your Account Isn't Verified!

In order to create a playlist on Sporcle, you need to verify the email address you used during registration. Go to your Sporcle Settings to finish the process.

Report this User

Report this user for behavior that violates our Community Guidelines.

Details: